Szczegóły MARC21

A framework for the consistent usage of tag-based mashups /

003 -Nazwa inst., której nr kontr. jest w polu 001 [,]
    • @
    • Nazwa instytucji, której n kontrolny jest w polu 001
    • NUKAT
005 -DATA I CZAS OSTATNIEJ MODYFIKACJI [,]
    • @
    • pole kontrolne
    • 20241231105518.0
020 -Międzynarod. znormalizowany nr książki - ISBN [ , ]
    • a
    • Numer ISBN
    • 9783898385053 Find
    • q
    • Dopowiedzenie
    • Aka Verlag Heidelberg
020 -Międzynarod. znormalizowany nr książki - ISBN [ , ]
    • a
    • Numer ISBN
    • 9781607500797 Find
    • q
    • Dopowiedzenie
    • IOS Press
040 -Instytucja sporządzająca opis [ , ]
    • a
    • Instytucja, która sporządziła opis (NP)
    • LUBL KUL/me
    • c
    • Instytucja, która sporządziła rekord (NP)
    • LUBL KUL/me
    • d
    • Instytucja, która zmodyfikowała rekord (P)
    • LUBL KUL/IP
    • d
    • Instytucja, która zmodyfikowała rekord (P)
    • LUBL KUL/SKs
044 -Kraj miejsca wydania [ , ]
    • a
    • Kraj miejsca wydania
    • Niemcy
    • a
    • Kraj miejsca wydania
    • Niderlandy
942 -Rodzaj dokumentu [ , ]
    • c
    • Rodzaj dokumentu
    • Książka
100 -Hasło główne - nazwa osobowa [1, ]
    • a
    • Nazwa osobowa (NP)
    • Hagemann, Stephan.
    • 9
    • KHW
    • 75961
245 -Strefa tytułu i oznaczenia odpowiedzialności [1,2]
    • a
    • Tytuł
    • A framework for the consistent usage of tag-based mashups / Find
    • c
    • Pozostałe elementy strefy tytułu i oznaczenia odpowiedzialności (NP)
    • Stephan Hagemann.
260 -Strefa adresu wydawniczego [ , ]
    • a
    • Miejsce wydania (P)
    • Heidelberg :
    • b
    • Nazwa wydawcy (P)
    • Aka ;
    • a
    • Miejsce wydania (P)
    • [Amsterdam] :
    • b
    • Nazwa wydawcy (P)
    • IOS Press,
    • c
    • Data wydania (P)
    • cop. 2010.
300 -Strefa opisu fizycznego [ , ]
    • a
    • Określenie formy książki i/lub objętość (NP)
    • XIV, 178 s. :
    • b
    • Oznaczenie ilustracji (NP)
    • il. ;
    • c
    • Format (NP)
    • 21 cm.
336 -Typ zawartości [ , ]
    • a
    • Termin opisujący typ zawartości
    • Tekst
    • b
    • Kod określający zawartość
    • txt
    • 2
    • Źródło (terminu i kodu)
    • rdacontent
337 -Typ mediów [ , ]
    • a
    • Tryb odtwarzania
    • Bez urządzenia pośredniczącego
    • b
    • Kod typu mediów
    • n
    • 2
    • Źródło (terminu i kodu)
    • rdamedia
338 -Typ/rodzaj nośnika [ , ]
    • a
    • Hasło opisujące typ nośnika
    • Wolumin
    • b
    • Kod typu nośnika
    • nc
    • 2
    • Źródło (terminu i kodu)
    • rdacarrier
490 -Strefa serii i książki wielotomowej - forma nie do wyszukiwania [1, ]
    • a
    • Tytuł (P)
    • Dissertationen zu Datenbanken und Informationssystemen, Find
    • x
    • ISSN (NP)
    • 0949-0183 ;
    • v
    • Numeracja (P)
    • Bd. 105
830 -Hasło dodatkowe serii i opisu książki wielotomowej - tytuł ujednolicony/tytuł [ ,0]
    • a
    • Tytuł ujednolicony/tytuł (NP)
    • DISDBIS Dissertationen zu Datenbanken und Informationssystemen
    • x
    • ISSN
    • 0949-0183
    • v
    • Oznaczenie tomu (NP)
    • Bd. 105
    • 9
    • KHW
    • 71752
502 -Uwaga dot. dysertacji [ , ]
    • a
    • Uwaga dot. dysertacji
    • Diss.: Westfalischen Wilhelms-Univ., Münster, 2009.
504 -Uwaga dot. bibliogr. załącznikowej [ , ]
    • a
    • Uwaga dot. bibliografii załącznikowej
    • Bibliogr. s. 157-170.
080 -Uniwersalna Klasyfikacja Dziesiętna [ , ]
    • 2
    • Identyfikator wydania tablic
    • UDC-P058
    • 9
    • UKD
    • 2139
    • a
    • Symbol klasyfikacji
    • 004.738.5
    • b
    • Dopowiedzenie
    • Internet.
    • 4
    • UKD2
    • 8288
    • x
    • Poddział wspólny
    • (043)
    • c
    • Dopowiedzenie poddz. wspólnego
    • (Prace dyplomowe. Rozprawy doktorskie. Dysertacje).
    • 4
    • UKD2
    • 7644
    • x
    • Poddział wspólny
    • =111
    • c
    • Dopowiedzenie poddz. wspólnego
    • =Język angielski.
080 -Uniwersalna Klasyfikacja Dziesiętna [ , ]
    • 2
    • Identyfikator wydania tablic
    • UDC-P058
    • 9
    • UKD
    • 2146
    • a
    • Symbol klasyfikacji
    • 004.774
    • b
    • Dopowiedzenie
    • Strony WWW.
    • 4
    • UKD2
    • 8288
    • x
    • Poddział wspólny
    • (043)
    • c
    • Dopowiedzenie poddz. wspólnego
    • (Prace dyplomowe. Rozprawy doktorskie. Dysertacje).
    • 4
    • UKD2
    • 7644
    • x
    • Poddział wspólny
    • =111
    • c
    • Dopowiedzenie poddz. wspólnego
    • =Język angielski.
080 -Uniwersalna Klasyfikacja Dziesiętna [ , ]
    • 2
    • Identyfikator wydania tablic
    • UDC-P058
    • 9
    • UKD
    • 2769
    • a
    • Symbol klasyfikacji
    • 316.325
    • b
    • Dopowiedzenie
    • Społeczeństwa ze względu na specyficzne kryteria. Społeczeństwo informacyjne. Społeczeństwo otwarte. Społeczeństwo obywatelskie.
    • 4
    • UKD2
    • 8288
    • x
    • Poddział wspólny
    • (043)
    • c
    • Dopowiedzenie poddz. wspólnego
    • (Prace dyplomowe. Rozprawy doktorskie. Dysertacje).
    • 4
    • UKD2
    • 7644
    • x
    • Poddział wspólny
    • =111
    • c
    • Dopowiedzenie poddz. wspólnego
    • =Język angielski.
080 -Uniwersalna Klasyfikacja Dziesiętna [ , ]
    • 2
    • Identyfikator wydania tablic
    • UDC-P058
    • 9
    • UKD
    • 2834
    • a
    • Symbol klasyfikacji
    • 316.77
    • b
    • Dopowiedzenie
    • Socjologia komunikowania. Komunikacja społeczna. Wpływ środków masowego przekazu, decydentów, cenzury. Sprzężenie zwrotne komunikowania. Kultura audiowizualna.
    • 4
    • UKD2
    • 8288
    • x
    • Poddział wspólny
    • (043)
    • c
    • Dopowiedzenie poddz. wspólnego
    • (Prace dyplomowe. Rozprawy doktorskie. Dysertacje).
    • 4
    • UKD2
    • 7644
    • x
    • Poddział wspólny
    • =111
    • c
    • Dopowiedzenie poddz. wspólnego
    • =Język angielski.
650 -Hasło przedmiotowe [ ,7]
    • a
    • Hasło przedmiotowe
    • Mashup (World Wide Web).
    • 2
    • Źródło terminu
    • kaba
    • 9
    • KHW
    • 191060
650 -Hasło przedmiotowe [ ,7]
    • a
    • Hasło przedmiotowe
    • Społeczności internetowe.
    • 2
    • Źródło terminu
    • kaba
    • 9
    • KHW
    • 189323
650 -Hasło przedmiotowe [ ,7]
    • a
    • Hasło przedmiotowe
    • Strony Web
    • x
    • Określnik rzeczowy
    • tworzenie.
    • 2
    • Źródło terminu
    • kaba
    • 9
    • KHW
    • 131379
980 -Symbol UKD [ , ]
    • a
    • UKD
    • 004.738.5:004.774:316.325:316.77](043)=111
710 -Hasło dodatkowe - nazwa ciała zbiorowego [2, ]
    • a
    • Nazwa ciała zbiorowego lub nazwa geograficzna jako pierwszy element (NP)
    • Akademische Verlagsgesellschaft.
    • 4
    • Kod relacji
    • pbl
    • 9
    • KHW
    • 71753
710 -Hasło dodatkowe - nazwa ciała zbiorowego [2, ]
    • a
    • Nazwa ciała zbiorowego lub nazwa geograficzna jako pierwszy element (NP)
    • IOS Press.
    • 4
    • Kod relacji
    • pbl
    • 9
    • KHW
    • 71517
920 -ISBN [ , ]
    • a
    • ISBN
    • 978-3-89838-505-3 Find
    • q
    • Dopowiedzenie
    • Aka Verlag Heidelberg
920 -ISBN [ , ]
    • a
    • ISBN
    • 978-1-60750-079-7 Find
    • q
    • Dopowiedzenie
    • IOS Press
Data inwentaryzacji Lokalizacja Status udost. Numer inwentarzowy Sygnatura
2014-03-26T-2T.15596T.15596